| 000 | 00716nam a22002057a 4500 | ||
|---|---|---|---|
| 003 | OSt | ||
| 005 | 20140310182908.0 | ||
| 008 | 130128t xxu||||| |||| 00| 0 eng d | ||
| 020 | _a9715423248 | ||
| 050 |
_aKPM 2095 _b.M993 2003 |
||
| 082 |
_aFIL 651 _bS1 2003 |
||
| 245 |
_aSocial justice and human rights in the Philippines : katarungang panlipunan at karapatang pantao sa Pilipinas _cMuyot, Alberto T. |
||
| 260 |
_aQuezon City _bUniversity of the Philippines Press _c2002 |
||
| 300 |
_a926 p.-- (Pamana: the U.P. anthology of Filipino socio-political thought since 1872). _c25.4 cm. |
||
| 521 | _acollege students | ||
| 526 | _c1210L-1700L | ||
| 541 | _j1 | ||
| 562 | _e1 | ||
| 942 |
_2lcc _cBK _kFIL |
||
| 999 |
_c17183 _d17183 |
||